Statistieken voor 10 GROOSTE eilanden

Klik hier om de quiz te nemen!

Algemene statistieken

  • Deze quiz is 42 keer genomen
  • De gemiddelde score is 6 van 10

Antwoordstatistieken

HintAntwoord% Correct
1.Australie
96%
4.Madagaskar
86%
8.Honshu/Japan
82%
5.Bornea/Maleisie/Indonesie/Brunei
75%
7.Sumatra/Indonesie
71%
2.Groenland/Denemarken
68%
3.Nieuw Guinea/Papoea Nieuw Guinea
43%
6.Baffin Eiland/Canada
25%
10.Groot Brittannie
18%
9.Victoria Island/Canada
18%

Scoreverdeling

Percentiel versus Aantal Correcte Antwoorden

Procent van Mensen met Elke Score

Uw Scoregeschiedenis

U heeft deze quiz nog niet genomen